Statystyki dla Najbardziej zgadywane miasta Stanów Zjednoczonych na JetPunk

Kliknij tutaj aby rozwiązać quiz!

Ogólne statystyki

  • Ten quiz został rozwiązany 89 razy
  • Średni wynik to 11 z 20

Statystyki odpowiedzi

%Miasto% Poprawnych
99Nowy Jork
96%
99Los Angeles
90%
88Waszyngton
84%
95Miami
79%
97Chicago
77%
94San Francisco
75%
93Boston
60%
90Las Vegas
58%
95Houston
51%
93Seattle
51%
94Dallas
49%
91Filadelfia
47%
90Phoenix
46%
89Atlanta
43%
88Denver
43%
91San Diego
43%
87Nowy Orlean
38%
89Detroit
32%
88Portland
30%
85Austin
23%

Rozkład punktacji

Percentyl według liczby udzielonych odpowiedzi

Procent ludzi z każdym wynikiem

Twoja historia wyników

Nie rozwiązałeś tego quizu